Haz clic en un país válido A-Z - Estadísticas

Estadísticas generales
  • Esta prueba ha sido intentada 50.885 veces
  • La puntuación promedio es 10 de 23
Respuestas en el mapa
Las respuestas están codificadas por una escala verde-roja en el mapa de la prueba según el % correcto abajo.
 
Estadísticas de respuestas
Respuesta % Correcto
A
63%
B
57%
C
56%
E
55%
M
52%
R
51%
F
49%
P
49%
I
48%
D
43%
S
43%
U
43%
J
42%
N
42%
T
41%
V
41%
G
40%
K
37%
L
37%
H
32%
O
32%
Y
31%
Z
29%
No se encontraron pruebas coincidentes
Distribución de puntuación
Porcentaje de gente con cada puntuación
Porcentaje por número respondido
Historial de tus puntuaciones
No has intentado esta prueba.